000 00822nam a22002057a 4500
999 _c13295
_d13295
003 AR-CdUCM
008 190411b ||||| |||| 00| 0 spa d
040 _aMUNICIPALIDAD PROVINCIAL DEL CUSCO
_cBIBLIOTECA MUNICIPAL DEL CUSCO
082 _a343.91 /
_bM81
100 _aMoscoso S, Arturo
_931638
245 _aArbitrio municipal sobre apertura traspaso y anuncios de establecimientos comerciales e industriales /
260 _aCuzco :
_bGarsilaso,
_c1961.
300 _a72 páginas ;
_c21 cm.
505 _aContenido : Licencia de apertura de establecimientos industriales y comerciales -- Traspasos de establecimientos comerciales -- De los anuncios ...
650 _aLeyes
_94808
650 _aDecretos supremos
_931639
650 _aResoluciones supremas
_931640
942 _2ddc
_cLIBROS
945 _arah
_d11/04/2019